UBT Library

Linear transport theory (Record no. 42802)

000 -LEADER
fixed length control field 00544nam a22002051 4500
001 - CONTROL NUMBER
control field 3117090
005 - DATE AND TIME OF LATEST TRANSACTION
control field 20180216072747.0
008 - FIXED-LENGTH DATA ELEMENTS--GENERAL INFORMATION
fixed length control field 840113s1967 mau b 000 0 eng
010 ## - LIBRARY OF CONGRESS CONTROL NUMBER
LC control number 67017256
040 ## - CATALOGING SOURCE
Original cataloging agency DLC/ICU
Transcribing agency ICU
Modifying agency DLC
041 ## - LANGUAGE CODE
Language code of text/sound track or separate title eng
080 ## - UNIVERSAL DECIMAL CLASSIFICATION NUMBER
Universal Decimal Classification number 530.13 KEN
082 00 - DEWEY DECIMAL CLASSIFICATION NUMBER
Classification number 530.13 KEN
100 1# - Rafti
Rafti 38
101 ## - Shkurtesa
Shkurtesa MAT
245 10 - TITLE STATEMENT
Title Linear transport theory
Statement of responsibility, etc [by] Kenneth M. Case and Paul F. Zweifel.
504 ## - BIBLIOGRAPHY, ETC. NOTE
Bibliography, etc Bibliographical footnotes.
906 ## - LOCAL DATA ELEMENT F, LDF (RLIN)
a 7
b cbc
c orignew
d u
e ocip
f 19
g y-gencatlg
942 ## - ADDED ENTRY ELEMENTS (KOHA)
Source of classification or shelving scheme
Item type Books
Holdings
Withdrawn status Lost status Source of classification or shelving scheme Damaged status Not for loan Collection code Permanent location Current location Shelving location Date acquired Total Checkouts Full call number Barcode Date last seen Price effective from Koha item type
          Koleksioni i përgjithshem UBT - Lipjan UBT - Lipjan Koleksioni i përgjithshem 02/16/2018   530.13 KEN 002-2998344 02/16/2018 02/16/2018 Books
UBT Library © 2015-2024. All rights reserved University Education for Business and Technology